| 000 | 00675nam a2200145Ia 4500 | ||
|---|---|---|---|
| 008 | 170221s9999 xx 000 0 und d | ||
| 100 | _aAlexey I. Shinkevich | ||
| 245 | _aInnovative Forms of Production Organization in the Context of High-Tech Meso-Economic Systems Sustainable Development | ||
| 245 | _cAlexey I. Shinkevich, Alsu A. Lubnina, Natalia M. Chikisheva, Lyudmila M. Simonova, Elena E. Alenina, Boris B. Khrustalev, Roza Sh. Sadykova, Regina R. Kharisova | ||
| 260 | _bInternational Review of Management and Marketing | ||
| 260 | _cFebruary 2014 | ||
| 300 | _a3:1 | ||
| 650 | _xMarketing. | ||
| 856 | _uhttp://www.econjournals.com/index.php/irmm/issue/view/71 | ||
| 999 |
_c310210 _d310210 |
||